Potopa. 1. [část / Autor:] Henryk Sienkiewicz ; Z pol. orig. Potop přel., předmluvou a vysvětl. opatř. Vendulka Zapletalová
Mohutný historický román Potopa I. II. je druhou částí slavné Sienkiewiczovy trilogie o boji polských vlastenců za svobodu. (Ohněm a mečem, Potopa, Pan wolodyjowski). Každá část má svoji uzavřenou akci a komposici. Potopa zobrazuje vrcholné období ůtoku švédského krále Karla Gustava při obraně Čenstochové za polského krále Jana Kazimíra (r. 1655). Hlavní a nejslavnější postavou románu je mladý korouhevník Ondřej Kmicic, účastník všech velikých bojů. Množství příběhů a dramatických scén je oživeno řadou historických osob (Zagloba, Radzivill, Wolodyjowski aj.).
Record details
- Physical Description: 755, [3] s. ; 8°
- Edition: 1. vyd. v SNKLHU
- Publisher: Praha : SNKLHU, 1957
Content descriptions
| General Note: | 71000 výt. Barev. il. předsádky: Jiřina Písařová |
Search for related items by subject
| Subject: | Polsko > dějiny > 17. století Poland > history > 17th century |
| Genre: | polské romány historické romány Polish fiction historical novels |
Search for related items by series
Available copies
- 1 of 1 copy available at Common Catalog SPOK.
Holds
- 0 current holds with 1 total copy.
Show Only Available Copies
| Location | Call Number / Copy Notes | Barcode | Shelving Location | Status | Due Date |
|---|---|---|---|---|---|
| Hospic Dobrého Pastýře | BE-S
Tematická katagorie: Beletrie (BE) |
2045957013466 | Knihovna | Available | - |
| LDR | 02025nam a22004211 4500 | ||
|---|---|---|---|
| 001 | 29340 | ||
| 003 | CZ-PrJAB | ||
| 005 | 20171111192953.0 | ||
| 008 | 980115s1957 xr g ||| f cze | ||
| 015 | . | ‡acnb000527848 | |
| 035 | . | ‡a(CZ PrNK)bk195800084 | |
| 035 | . | ‡a(OCoLC)85318399 | |
| 040 | . | ‡aABA001 ‡bcze ‡cKLG001 ‡dABA001 | |
| 041 | 1 | . | ‡acze ‡hpol |
| 043 | . | ‡ae-pl--- | |
| 045 | . | ‡au5u5 | |
| 072 | 7. | ‡a821.162.1 ‡xPolská literatura ‡2Konspekt ‡925 | |
| 080 | . | ‡a821.162.1-31 ‡2MRF | |
| 080 | . | ‡a94(438) ‡2MRF | |
| 080 | . | ‡a(0:82-311.6) ‡2MRF | |
| 100 | 1 | . | ‡aSienkiewicz, Henryk, ‡d1846-1916 ‡7jn19990007946 ‡4aut |
| 245 | 1 | 0. | ‡aPotopa. ‡n1. [část / ‡cAutor:] Henryk Sienkiewicz ; Z pol. orig. Potop přel., předmluvou a vysvětl. opatř. Vendulka Zapletalová |
| 250 | . | ‡a1. vyd. v SNKLHU | |
| 260 | . | ‡aPraha : ‡bSNKLHU, ‡c1957 ‡f(Práce 01) | |
| 300 | . | ‡a755, [3] s. ; ‡c8° | |
| 490 | 1 | . | ‡aKlub čtenářů ; ‡vSv. 73 |
| 500 | . | ‡a71000 výt. | |
| 500 | . | ‡aBarev. il. předsádky: Jiřina Písařová | |
| 520 | . | ‡aMohutný historický román Potopa I. II. je druhou částí slavné Sienkiewiczovy trilogie o boji polských vlastenců za svobodu. (Ohněm a mečem, Potopa, Pan wolodyjowski). Každá část má svoji uzavřenou akci a komposici. Potopa zobrazuje vrcholné období ůtoku švédského krále Karla Gustava při obraně Čenstochové za polského krále Jana Kazimíra (r. 1655). Hlavní a nejslavnější postavou románu je mladý korouhevník Ondřej Kmicic, účastník všech velikých bojů. Množství příběhů a dramatických scén je oživeno řadou historických osob (Zagloba, Radzivill, Wolodyjowski aj.). | |
| 648 | 7. | ‡a17. století ‡7ch460555 ‡2czenas | |
| 651 | 7. | ‡aPolsko ‡7ge130478 ‡xdějiny ‡y17. století ‡2czenas | |
| 651 | 9. | ‡aPoland ‡xhistory ‡y17th century ‡2eczenas | |
| 655 | 7. | ‡apolské romány ‡7fd133084 ‡2czenas | |
| 655 | 7. | ‡ahistorické romány ‡7fd132414 ‡2czenas | |
| 655 | 9. | ‡aPolish fiction ‡2eczenas | |
| 655 | 9. | ‡ahistorical novels ‡2eczenas | |
| 830 | 0. | ‡aKlub čtenářů | |
| 910 | . | ‡aBNE702 | |
| 998 | . | ‡a000527848 | |
| 901 | . | ‡a29340 ‡b ‡c29340 ‡tbiblio | |